Mütareke döneminde ordunun durumu ve yeniden yapılanması (1918-1920) (Record no. 614)

MARC details
000 -BAŞLIK
Sabit Uzunlukta Kontrol Alanı 00983na a2200289 4500
001 - KONTROL NUMARASI
Denetim Alanı 15544
003 - KONTROL NUMARASI IDENTIFIER
Denetim Alanı MIRAKIL
005 - SON İŞLEM TARİHİ VE ZAMANI
Denetim Alanı 20181213154755.0
008 - SABİT-BOY VERİ ELEMANLARI - GENEL BİLGİLER
Sabit Uzunlukta Kontrol Alanı 160913b tu 000 0
020 ## - ULUSLARARASI STANDART KİTAP NUMARASI
Uluslararası Standart Kitap Numarası 9751613728
035 ## - SİSTEM KONTROL NUMARASI
Sistem Kontrol Numarası 14074
040 ## - KATALOGLAMA KAYNAK
Orijinal Kataloglama Ajansı Milas
Kataloglama Dili tur
Metne Dönüştürmek Ajansı TR-AnCHP
082 ## - DEWEY ONLU SINIFLANDIRMA NUMARASI
Sınıflandırma Numarası 956.1023
Ürün Numarası T96m 2001
090 ## - SINIFLAMA NUMARASI
Sınıflama Numarası 956.1023 T96m 2001
100 ## - ANA GİRİŞ - KİŞİSEL İSİM
Kişisel Ad Türkmen, Zekeriya
245 ## - BAŞLIK TABLOSU
Başlık Mütareke döneminde ordunun durumu ve yeniden yapılanması (1918-1920)
Sorumluluk Tablosu, Vb Zekeriya Türkmen
260 ## - YAYIN, DAĞITIM, VB
Yayın, Dağıtım, Vb Yeri Ankara
Yayıncı, Dağıtıcı, Vs Adı Türk Tarih Kurumu Yayınları
Yayın, Dağıtım, Vb Tarihi 2001
300 ## - FİZİKSEL TANIM
Kapsam xııı, 385 s.
Diğer Fiziksel Ayrıntıları res.,hrt.,tbl.
Boyutlar 25 sm.
490 ## - SERİSİ TABLOSU
Seri Beyanı AKDTYK Türk Tarih Kurumu Yayınları
Hacim / Ardışık Tanımı XVI
504 ## - KAYNAKÇA VB NOT
Kaynakça Vb Notu Kaynakça ve dizin var.
650 ## - KONU KATMA GİRİŞ - TOPİKAL DÖNEM
Topikal Süreli Veya Coğrafi Ad Giriş Elemanı Askeri tarih
Genel Alt Bölümü Türkiye
650 ## - KONU KATMA GİRİŞ - TOPİKAL DÖNEM
Topikal Süreli Veya Coğrafi Ad Giriş Elemanı Mütareke Dönemi
Genel Alt Bölümü Osmanlı Devleti
Coğrafi Alt Bölümü Tarih
651 ## - KONU KATMA GİRİŞ - COĞRAFİ ADI
Coğrafi İsim Türkiye
Genel Alt Bölümü Ordu
Kronolojik Alt Bölümü Tarih
651 ## - KONU KATMA GİRİŞ - COĞRAFİ ADI
Coğrafi İsim Türkiye
Genel Alt Bölümü Tarih
Kronolojik Alt Bölümü Osmanlı İmparatorluğu
Coğrafi Alt Bölümü Mütareke Dönemi
651 ## - KONU KATMA GİRİŞ - COĞRAFİ ADI
Coğrafi İsim Türkiye
Genel Alt Bölümü Tarih
Kronolojik Alt Bölümü Osmanlı İmparatorluğu
942 ## - EKLENDİ GİRİŞ ELEMANLARI (KOHA)
Sınıflandırma Veya Raf Düzeni Kaynak Dewey Decimal Classification
Koha Öğesi Türü Books
999 ## - SİSTEM KONTROL NUMARALARI (KOHA)
Koha Biblionumber 614
Koha Biblioitemnumber 614
Holdings
Kalıcı Konum Mevcut Konum Edinme Tarihi Edinim Kaynak Toplam Check-Out'Lar Tam Çağrı Numarası Barkod Tarih Son Görülme İtibaren Geçerli Fiyatlar Koha Öğesi Türü
CHP Kütüphanesi CHP Kütüphanesi 09/13/2016 Bağış   956.1023 T96m 2001 006000 09/13/2016 09/13/2016 Books